Megalakult a Magyar Értelmiség Szervezeteinek Bizottsága
Elmentve itt :
| Dokumentumtípus: | Cikk |
|---|---|
| Megjelent: |
1934
|
| Sorozat: | Polgári jog : a hazai és külföldi magánjog és hiteljog szemléje
10 |
| Kulcsszavak: | Jogélet Magyarország 1934 |
| Online Access: | http://misc.bibl.u-szeged.hu/5886 |
| LEADER | 00589nab a2200157 i 4500 | ||
|---|---|---|---|
| 001 | misc5886 | ||
| 005 | 20191106142257.0 | ||
| 008 | 170607s1934 hu o 0|| hun d | ||
| 040 | |a SZTE Miscellanea Repozitórium |b hun | ||
| 041 | |a hun | ||
| 245 | 0 | 0 | |a Megalakult a Magyar Értelmiség Szervezeteinek Bizottsága |h [elektronikus dokumentum] |
| 260 | |c 1934 | ||
| 300 | |a 294-295a | ||
| 490 | 0 | |a Polgári jog : a hazai és külföldi magánjog és hiteljog szemléje |v 10 | |
| 695 | |a Jogélet Magyarország 1934 | ||
| 856 | 4 | 0 | |u http://misc.bibl.u-szeged.hu/5886/1/polgari_jog_1934_294-295a.pdf |z Dokumentum-elérés |